000 00519nam a2200157 a 4500
001 000044917
005 20201002045729.0
008 150119s2013 dr ac r 000 0 spa d
040 _aDO-SdBNP
_bspa
_cBNPHU
082 _axxxx
_bxxxx
245 0 0 _aManual para el Abordaje del VIH y el Sida en el lugar de trabajo. /
_ctexto Luis R. Pérez Bidó.
260 _aSanto Domingo :
_bBúho,
_c2013.
300 _a66 p. :
_bil., retrs. ;
_c29 cm.
590 _aInventariado, 2020/BT
700 1 _aPérez Bidó, Luis R.
_etex.
_972932
999 _c44406
_d44406